000 00780nam a2200253 a 4500
001 52113
003 BD-RjUL
005 20211209075745.0
008 160906m20062005ii a|||| b||| 001 0 eng d
020 _a8120328671
035 _a(BD-RjUL)52233
040 _aBD-RjUL
_beng
_cBD-RjUL
041 _aeng
082 _223
_bMOF 2006
_a338.04
100 1 _aMohanty, Sangram Keshari
_9155878
245 1 0 _aFundamentals of entrepreneurship /
_cSangram Keshari Mohanty
260 _aNew Delhi :
_bPrentice-hall of India,
_cc2006
300 _axiii, 183 p. :
_bill. ;
_c21 cm.
504 _aIncludes index and bibliography.
650 _aEntrepreneurship
_zIndia
_9149302
650 _aBusinesspeople
_zIndia
_9155879
650 _aBusiness enterprises
_zIndia
_9133186
942 _2ddc
_cBK
999 _c52113
_d52113